| 000 | 01443 a2200265 4500 | ||
|---|---|---|---|
| 003 | NUST | ||
| 005 | 20221123140241.0 | ||
| 010 | _a 83019818 | ||
| 020 | _a0471890456 : | ||
| 040 | _cNust | ||
| 082 | 0 | 0 | _a519.5,HOE |
| 100 | 1 |
_aHoel, Paul Gerhard, _946282 |
|
| 245 | 1 | 0 |
_aIntroduction to mathematical statistics / _cPaul G. Hoel. |
| 250 | _a5th ed. | ||
| 260 |
_aNew York : _bWiley, _cc1984. |
||
| 300 |
_ax, 435 p. : _bill. ; _c24 cm. |
||
| 440 | 2 |
_aA Wiley publication in mathematical statistics _9103435 |
|
| 490 | 1 | _aWiley series in probability and mathematical statistics | |
| 505 | _aProbability (Page-4), Some Particular Probability Distributions (Page-53), Nature of Statistical Methods (Page-102), Sampling Theory (Page-121), Probability Distributions for Correlation and Regression (Page-171), Empirical Methods for Correlation and Regression (Page-192), General Principles for Statistical Inference (Page-219),Testing Goodness of Fit (Page-251), Small Sample Distributions (Page-271), Statistical Design in Experiments (Page-309), Nonparmetric Methods (Page-337), Other Methods (Page-357). | ||
| 650 | 0 |
_aMathematical statistics. _961 |
|
| 830 | 0 | _aWiley series in probability and mathematical statistics. | |
| 856 | 4 | 2 |
_3Publisher description _uhttp://www.loc.gov/catdir/description/wiley031/83019818.html |
| 856 | 4 | 2 |
_3Table of contents _uhttp://www.loc.gov/catdir/toc/onix01/83019818.html |
| 942 |
_cBK _2ddc _k519.5,HOE |
||
| 999 |
_c175395 _d175395 |
||